New Zealand Residents by Country of Birth - Statistics

General Stats
  • This quiz has been taken 132 times
  • The average score is 13 of 17
Answer Stats
Number of Residents Country of Birth % Correct
256,164 United Kingdom
100%
96,441 China
98%
21,462 United States
97%
62,712 Australia
96%
67,176 India
93%
10,269 Japan
87%
2,980,827 New Zealand
87%
52,755 Fiji
81%
12,954 Germany
79%
50,658 Samoa
76%
54,279 South Africa
74%
26,604 South Korea
74%
22,416 Tonga
71%
37,299 Philippines
64%
16,353 Malaysia
61%
19,815 Netherlands
45%
12,954 Cook Islands
21%
No matching quizzes found
Score Distribution
Percent of People with Each Score
Percentile by Number Answered
Your Score History
You have not taken this quiz